Online
Catalog

La desamortización en Asturias en el siglo XIX / (Record no. 43455)

MARC details
000 -CABECERA
campo de control de longitud fija 00786nam a2200205 a 4500
001 - NÚMERO DE CONTROL
campo de control 000043966
005 - FECHA Y HORA DE LA ÚLTIMA TRANSACCIÓN
campo de control 20201002045053.0
008 - DATOS DE LONGITUD FIJA--INFORMACIÓN GENERAL
campo de control de longitud fija 140512s1981 sp ab 000 0 spa d
020 ## - NÚMERO INTERNACIONAL ESTÁNDAR DEL LIBRO
Número Internacional Estándar del Libro 8472861538
040 ## - FUENTE DE LA CATALOGACIÓN
Centro catalogador/agencia de origen DO-SdBNP
Lengua de catalogación spa
Centro/agencia transcriptor BNPHU
082 ## - NÚMERO DE LA CLASIFICACIÓN DECIMAL DEWEY
Número de clasificación xxxx
Número de documento/Ítem xxxx
100 1# - ENTRADA PRINCIPAL--NOMBRE DE PERSONA
Nombre de persona Moro, José María,
Fechas asociadas al nombre 1948-
9 (RLIN) 71913
245 13 - MENCIÓN DE TÍTULO
Título La desamortización en Asturias en el siglo XIX /
Mención de responsabilidad, etc. José María Moro Barreñada.
260 ## - PUBLICACIÓN, DISTRIBUCIÓN, ETC.
Lugar de publicación, distribución, etc. [Gijón] :
Nombre del editor, distribuidor, etc. Silverio Cañada,
Fecha de publicación, distribución, etc. 1981.
300 ## - DESCRIPCIÓN FÍSICA
Extensión 348 p. :
Otras características físicas il., mapas ;
Dimensiones 21 cm.
490 1# - MENCIÓN DE SERIE
Mención de serie Biblioteca Julio Somoza
-- temas de investigación asturiana
Designación de volumen o secuencia 5
500 ## - NOTA GENERAL
Nota general Incluye referncias bibliográficas y notas al pie de las páginas
504 ## - NOTA DE BIBLIOGRAFÍA, ETC.
Nota de bibliografía, etc. Bibliografía: p. 339-345
830 #0 - PUNTO DE ACCESO ADICIONAL DE SERIE-TÍTULO UNIFORME
Título uniforme Biblioteca Julio Somoza
Nombre de parte o sección de la obra temas de investigación asturiana ;
Número de parte o sección de la obra 5
9 (RLIN) 71914
Holdings
Estado de retiro Estado de pérdida Restricciones de uso No para préstamo Código de colección Localización permanente Ubicación/localización actual Ubicación en estantería Fecha de adquisición Número de inventario Total de préstamos Signatura topográfica completa Código de barras Fecha visto por última vez Precio válido a partir de Tipo de ítem Koha
      Excluido de préstamo Monografías: Libros y Folletos General General En catalogación 12.05.2014 LF1   xxxx xxxx 43966-10 25.06.2020 25.06.2020 No se presta

Powered by Koha